Villes américaines les plus peuplées en pourcentage de leur état - Statistiques

Statistiques générales
  • Ce quiz a été pris 241 fois
  • Le résultat moyen est 10 sur 27
Statistiques - réponses
% Etat Ville % Correct
42,9 New York New York City
100%
10,1 Californie Los Angeles
92%
21,3 Illinois Chicago
85%
21,1 Nevada Las Vegas
70%
23,1 Arizona Phoenix
60%
12,4 Pennsylvanie  Philadelphie
59%
15,5 Oregon Portland
58%
12,6 Colorado Denver
57%
13,0 Indiana Indianapolis
45%
16,6 Oklahoma Oklahoma City
43%
24,4 Hawaï Honolulu
39%
26,7 Nouveau-Mexique Albuquerque
37%
10,1 Wisconsin Milwaukee
34%
39,4 Alaska Anchorage
29%
13,8 Kentucky Louisville
24%
12,8 Idaho Boise
23%
24,7 Nebraska Omaha
18%
11,1 Wyoming Cheyenne
16%
17,0 Rhode Island Providence
14%
10,1 Oklahoma Tulsa
12%
20,8 Dakota du Sud Sioux Falls
10%
10,3 Montana Billings
9%
16,4 Dakota du Nord Fargo
9%
14,9 Nebraska Lincoln
9%
13,4 Kansas Wichita
8%
10,0 Wyoming Casper
4%
10,4 Nevada Henderson
1%
Aucun quiz correspondant
Distribution des résultats
% des personnes avec chaque résultat
Percentile par nombre de réponses
Votre historique - résultats
Vous n’avez pas pris ce quiz